000 00413 a2200157 4500
005 20250627135251.0
020 _a978-0-07-319398-4
082 _a338.5 FRA
100 _aFRANK, H . R
245 _aPrinciples of Micro- Econom ics
250 _a3rd Ed.
260 _aBoston
_bMcGraw-Hill Irwin
_c2007.
300 _axxxi, 468p.: ill.; figures, tables
_bIndex
_c27cm
700 _aBen S. Bernanke
942 _2ddc
_cBKS
999 _c5663
_d5663